000 00434nam a2200205Ia 4500
001 13820
003 GE_BSU
008 181216s||||||||xx |||||||||||||| ||und||
020 _a9780552159791
040 _cGE_BSU
080 _a821.111-3
100 _aBolton,S.J.
245 _aBlood Harvest.
260 _aLondon.
260 _bCorgi Books.
260 _c2010
300 _a570p;19cm.
653 _aBlood Harvest.
942 _cBK
999 _c46966
_d46966